000 00643nam a22001457a 4500
020 _a978-0-689-85124-7
082 _a823
_bHIL/Y
100 _aHILL, KIRKPATRICK
245 _aTHE YEAR OF MISS AGNES
260 _aNEW YORK
_bALADDIN PAPER BACKS
_c2002
300 _a114
520 _aSet in 1948 rural Alaska, and told as a first person narrative by ten year old Fred, an Athabaskan schoolgirl who does not much like being called by her given name of Frederika (which kind of tickles my fancy as Frederike is my middle name), The Year of Miss Agnes basically presents how Miss Agnes, an eccentric but ...
650 _aSHORT STORY
942 _cBK
999 _c6030
_d6030